000
00329nam a2200133Ia 4500
100
_a
Productivity Development Team
942
_c
BK
245
_a
cellular Manufacturing:One piece flow for work teams
260
_b
Production Pres Inc
_c
1999
082
_a
658
_b
PDT
300
_a
69
546
_a
ENGLISH
_c
Info.Tech
999
_c
22024
_d
22024